000 00364 a2200169 4500
001 190678
020 _a978-85-01-07352-5
040 _cMagnum
100 _aCornwell, Bernard
240 1 0 _aO Ășltimo reino
_lpor
245 1 0 _aO Ășltimo reino
300 _a361
362 0 _a2007
440 1 _aRecord
697 _aLITERATURA GERAL ESTRANGEIRA
942 _cBK
999 _c190678
_d190678